Confronting terrorism / (Record no. 14189)

000 -LEADER
fixed length control field 01084cam a22003014a 4500
001 - CONTROL NUMBER
control field 16011862
005 - DATE AND TIME OF LATEST TRANSACTION
control field 20170105102849.0
008 - FIXED-LENGTH DATA ELEMENTS--GENERAL INFORMATION
fixed length control field 091208s2009 ii b 000 0 eng
010 ## - LIBRARY OF CONGRESS CONTROL NUMBER
LC control number 2009305630
020 ## - INTERNATIONAL STANDARD BOOK NUMBER
International Standard Book Number 9780670083695
025 ## - OVERSEAS ACQUISITION NUMBER
Overseas acquisition number I-E-2009-305630; 63-91
037 ## - SOURCE OF ACQUISITION
Source of stock number/acquisition Library of Congress -- New Delhi Overseas Office
Terms of availability Rs450.00
040 ## - CATALOGING SOURCE
Original cataloging agency DLC
Transcribing agency DLC
Modifying agency DLC
042 ## - AUTHENTICATION CODE
Authentication code lcode
043 ## - GEOGRAPHIC AREA CODE
Geographic area code a-ii---
050 00 - LIBRARY OF CONGRESS CALL NUMBER
Classification number HV6433.I4
Item number C66 2009
245 00 - TITLE STATEMENT
Title Confronting terrorism /
Statement of responsibility, etc. edited by Maroof Raza ; with a foreword by Stephen P. Cohen.
260 ## - PUBLICATION, DISTRIBUTION, ETC.
Place of publication, distribution, etc. New Delhi :
Name of publisher, distributor, etc. Penguin Viking,
Date of publication, distribution, etc. 2009.
300 ## - PHYSICAL DESCRIPTION
Extent xxxv, 201 p. ;
Dimensions 23 cm.
504 ## - BIBLIOGRAPHY, ETC. NOTE
Bibliography, etc. note Includes bibliographical references (p. 181-198).
520 ## - SUMMARY, ETC.
Summary, etc. Contributed articles with reference to India.
650 #0 - SUBJECT ADDED ENTRY--TOPICAL TERM
Topical term or geographic name entry element Terrorism
Geographic subdivision India
General subdivision Prevention.
650 #0 - SUBJECT ADDED ENTRY--TOPICAL TERM
Topical term or geographic name entry element Terrorism
General subdivision Government policy
Geographic subdivision India.
700 1# - ADDED ENTRY--PERSONAL NAME
Personal name Raza, M. Maroof.
906 ## - LOCAL DATA ELEMENT F, LDF (RLIN)
a 7
b cbc
c origode
d 3
e ncip
f 20
g y-gencatlg
942 ## - ADDED ENTRY ELEMENTS (KOHA)
Source of classification or shelving scheme
Koha item type Book
Holdings
Withdrawn status Lost status Damaged status Not for loan Collection code Permanent Location Current Location Shelving location Date acquired Total Checkouts Full call number Barcode Date last seen Price effective from Koha item type
          Centre for International Peace & Stability (CIPS) Centre for International Peace & Stability (CIPS) General Stacks 08/20/2013   363.3240954 CON 2009 CIPS0000669 08/20/2013 08/20/2013 Book
© 2023 Central Library, National University of Sciences and Technology. All Rights Reserved.